00732nam a2200193Ia 4500008004100000020001500041050002200056082002000078100002600098240005200124245010300176260003600279300001800315500003600333505008600369650001300455700003400468700003600502120629s1991 mx 000 0 spa d a9684229275 aQC21.2 bS33 1991 a530.076 bS313f aSchaum, Danieleautor aSchaum´s outline of college physicslespañol aFísica general c / Daniel Schaum ; Carel W. Van Der Merwe ; traducción Luis Gutiérrez Diez aMéxicob : McGrawHillc, 1991 a276 páginas aIncluye: índice (pp. 273-276) aMecánica Calor Electricidad y magnetismo Óptica Física Atómica y nuclear  0aFÍSICA aMerwe, Carel Van Dereeditora aGutierrez Diez, Luisetraductor